| 000 | 01439nam0a2200373 4500 | ||
|---|---|---|---|
| 001 | RU\NLR\bibl\226766 | ||
| 005 | 20260408162200.0 | ||
| 010 |
_a5-89480-036-6 _915000 |
||
| 021 |
_aRU _b2001-754и _956и |
||
| 035 | _a(NLR Aleph) 001341682 | ||
| 090 |
_a864816 _c864816 |
||
| 100 | _a20020207d2001 |||y0rusy50 ca | ||
| 101 | 0 | _arus | |
| 102 | _aRU | ||
| 105 | _aa ||||||||| | ||
| 200 | 1 |
_aИгорь Грабарь _e[Альбом] _fНаталья Егорова |
|
| 210 |
_aМ. _cТрилистник _d2001 |
||
| 215 |
_a32 с. _cцв. ил. _d28 |
||
| 225 | 1 | _aХудожник в Третьяковской галерее | |
| 300 | _aНа обл. авт. не указан | ||
| 320 | _aБиблиогр. в тексте | ||
| 600 | 1 |
_aГрабарь _bИ. Э. _f1871-1960 _gИгорь Эммануилович _2psbo |
|
| 600 | 1 |
_aГрабарь _bИ. Э. _gИгорь Эммануилович _f1871 - 1960 _jАльбомы _3RU\NLR\auth\66332732 _9911121 |
|
| 686 | _aЩ143(2Р=Рус)7-8Грабарья61 | ||
| 686 | _aЩ101.3(2Р)-2Москва2ГТГ | ||
| 700 | 1 |
_4070 _8rus _7ca _aЕгорова _bН. В. _cискусствовед _gНаталья Васильевна _3RU\NLR\auth\7770156 _953084 |
|
| 801 | 0 |
_aRU _bNLR _c20020207 _gPSBO |
|
| 801 | 1 |
_aRU _bNLR _c20020207 |
|
| 830 | _aАвт. по кн. | ||
| 852 |
_aNLR _bЭ _jАлИс590/2-Г751 |
||
| 942 | _cBOOK | ||
| 980 | _aNB | ||